000 00739nam a2200241 i 4500
001 19143
003 ES-MaACL
005 20240221122731.0
007 t|
008 020624s2001 sp ||||1| spa d
020 _a84-239-6813-8
080 _a(038)=134.2
110 2 _aReal Academia Española
_96336
245 1 0 _aDiccionario de la lengua española /
_cReal Academia Española.
250 _a22ª ed.
260 _a[Madrid :
_bEspasa-Calpe],
_c2001.
300 _aL, 1614 p. ;
_c21 cm.
650 1 4 _aLengua española-
_vDiccionarios.
_914137
830 _aOlim:
_9235199
852 _aES-MaACL
_jA-15165
_bR.131262
_919743
_cDEPO1
_dOlim: DIC L 134.2 REA
_dOlim: Meseton
942 _2udc
999 _c19143
_d19143